| 000 | 01803cam a22004574i 4500 | ||
|---|---|---|---|
| 003 | PE-LiUPU | ||
| 005 | 20250731173151.0 | ||
| 008 | 150623s1997 tnu rb 000 0 eng d | ||
| 020 | _a0687046025 | ||
| 035 | _a(Sirsi) i9780687046027 | ||
| 040 |
_aPE-LiUPU _bspa _cPE-LiUPU _erda |
||
| 049 | _aPRUA | ||
| 082 | 0 | 4 |
_a269.2 _bK59 _221 |
| 100 | 1 |
_aKlaiber, Walter, _eautor. |
|
| 245 | 1 | 0 |
_aCall and response : _bbiblical foundations of a theology of evangelism / _cWalter Klaiber. |
| 264 | 1 |
_aNashville, TN : _bAbingdon Press, _c1997. |
|
| 300 |
_a272 páginas ; _c23 centímetros |
||
| 336 |
_atext _2rdacontent |
||
| 337 |
_aunmediated _2rdamedia |
||
| 338 |
_avolume _2rdacarrier |
||
| 504 | _aIncluye bibliografía. | ||
| 505 | 0 | _aThe meanings and meaning of "evangelism". The gospel of evangelistic preaching. One gospel, many situations. Divine action and human response: the biblical evidence. Salvation and decision: a systematic reflection. Conversion and life history: biographical, psychological, and sociological aspects. Motivation and method: why and how to evangelize. | |
| 526 | _aSEG42 | ||
| 526 | _aSEG41 | ||
| 526 | _aSEG40 | ||
| 526 | _aSEG39 | ||
| 526 | _aP94 | ||
| 526 | _aP87 | ||
| 526 | _aP86 | ||
| 526 | _aP85 | ||
| 526 | _aP77 | ||
| 526 | _aP76 | ||
| 526 | _aP35 | ||
| 650 | 0 | 4 |
_aEvangelismo _xTEOLOGIA. |
| 942 |
_2ddc _cBOOK |
||
| 949 |
_a269.2 K59 _wDEWEY _c1 _i53468 _lCCODEBUL1 _mBUL _p16.00 _r0 _sY _tBOOK _u2015-6-24 _xTEOLOGIA _PP35 _0COMPRA _o.STAFF. Colección Teología |
||
| 994 |
_aC0 _bPEPRU |
||
| 596 | _a1 | ||
| 999 |
_a269.2 K59 _wDEWEY _c35442 _i53468 _f2021-11-10 _g5 _lCCODEBUL1 _mBUL _p16.00 _r0 _sY _tBOOK _u2015-6-24 _xTEOLOGIA _PP35 _0COMPRA _o.STAFF. Colección Teología _d35442 |
||
| 980 |
_81 _gALBERTO SANCHEZ Responsable de Automatización |
||